Zenit Scorers in 2010s Champions League - Statistics

General Stats
  • This quiz has been taken 78 times
  • The average score is 6 of 12
Answer Stats
Player Nation Gls % Correct
Hulk Brazil 10
96%
Axel Witsel Belgium 2
88%
Artem Dzyuba Russia 6
75%
Danny Portugal 5
70%
Salomón Rondón Venezuela 2
70%
Nicolas Lombaerts Belgium 1
52%
Aleksandr Kerzhakov Russia 3
50%
Oleg Shatov Russia 3
39%
Roman Shirokov Russia 6
32%
Sergei Semak Russia 1
29%
Konstantin Zyryanov Russia 1
25%
Viktor Fayzulin Russia 2
20%
No matching quizzes found
Score Distribution
Percent of People with Each Score
Percentile by Number Answered
Your Score History
You have not taken this quiz